| 000 | 00528nam a2200169 a 4500 | ||
|---|---|---|---|
| 001 | 000042639 | ||
| 005 | 20201002040307.0 | ||
| 008 | 140203s1997 sp af 000 0 spa d | ||
| 020 | _a8483105276 | ||
| 040 |
_aDO-SdBNP _bspa _cBNPHU |
||
| 082 |
_axxxxx _bxxxxx |
||
| 100 | 1 |
_aMiller, Arthur _969907 |
|
| 245 | 1 | 4 |
_aLas Brujas de Salem / _cArthur Miller ; edicción y coordinación Ángel Facio. |
| 260 |
_aBarcelona, : _bTeatro español, _c1997. |
||
| 300 |
_a303 p. : _bil., lam. ; _c20 cm. |
||
| 700 | 1 |
_aFacio, Ángel, _eed. _969908 |
|
| 999 |
_c42128 _d42128 |
||